Pokemon General Trivia #6 - Statistics

General Stats
  • This quiz has been taken 118 times
  • The average score is 20 of 34
Answer Stats
Hint Answer % Correct
Name the type enhancing items (a held item that boosts power of moves of the corresponding type) Electric Magnet
86%
Which wild Pokemon drops each of these items? Thick Club Cubone/Marowak
84%
Name the type enhancing items (a held item that boosts power of moves of the corresponding type) Fairy N/A
83%
Which wild Pokemon drops each of these items? Pearl Shellder/Cloyster/Clamperl
82%
Name the type enhancing items (a held item that boosts power of moves of the corresponding type) Fire Charcoal
79%
Name the type enhancing items (a held item that boosts power of moves of the corresponding type) Water Mystic Water
78%
Which wild Pokemon drops each of these items? Heart Scale Luvdisc
77%
Name the type enhancing items (a held item that boosts power of moves of the corresponding type) Ice Never-Melt-Ice
77%
Which wild Pokemon drops each of these items? Light Ball Pikachu
73%
Which wild Pokemon drops each of these items? Magnet Magneton/Nosepass
70%
Name every Normal type multi-hit move Double Slap
69%
Name the type enhancing items (a held item that boosts power of moves of the corresponding type) Flying Sharp Beak
66%
Name every Normal type multi-hit move Double Hit
65%
Name the type enhancing items (a held item that boosts power of moves of the corresponding type) Steel Metal Coat
64%
Name the type enhancing items (a held item that boosts power of moves of the corresponding type) Ground Soft Sand
64%
Name the type enhancing items (a held item that boosts power of moves of the corresponding type) Fighting Black Belt
62%
Which wild Pokemon drops each of these items? Sharp Beak Spearow/Fearow/Doduo/Dodrio/Skarmory
62%
Name the type enhancing items (a held item that boosts power of moves of the corresponding type) Grass Miracle Seed
61%
Name the type enhancing items (a held item that boosts power of moves of the corresponding type) Dark Blackglasses
60%
Name the type enhancing items (a held item that boosts power of moves of the corresponding type) Dragon Dragon Fang
56%
Name the type enhancing items (a held item that boosts power of moves of the corresponding type) Rock Hard Stone
55%
Name the type enhancing items (a held item that boosts power of moves of the corresponding type) Ghost Spell Tag
55%
Name the type enhancing items (a held item that boosts power of moves of the corresponding type) Poison Poison Barb
53%
Name the type enhancing items (a held item that boosts power of moves of the corresponding type) Psychic Twisted Spoon
52%
Which wild Pokemon drops each of these items? Stardust Staryu/Starmie/Lunatone/Solrock
51%
Name every Normal type multi-hit move Fury Swipes
45%
Which wild Pokemon drops each of these items? Nugget Grimer/Muk/Meowth/Trubbish/Garbodor
45%
Name every Normal type multi-hit move Tail Slap
44%
Name every Normal type multi-hit move Fury Attack
39%
Name the type enhancing items (a held item that boosts power of moves of the corresponding type) Bug Silver Powder
38%
Name every Normal type multi-hit move Barrage
19%
Name every Normal type multi-hit move Spike Cannon
14%
Name the type enhancing items (a held item that boosts power of moves of the corresponding type) Normal Silk Scarf/Pink Bow/Polkadot Bow
13%
Name every Normal type multi-hit move Comet Punch
10%
No matching quizzes found
Score Distribution
Percent of People with Each Score
Percentile by Number Answered
Your Score History
You have not taken this quiz